banner koha

Hemangiossarcoma corneal em cão (Registro n. 258224)

MARC details
000 -LÍDER
campo de controle de tamanho fixo 01014nas a2200337 4500
001 - NÚMERO DE CONTROLE
campo de controle BR2020000268
003 - IDENTIFICADOR DO NÚMERO DE CONTROLE
campo de controle BR-BrBNA
005 - DATA E HORÁRIO DA ÚLTIMA TRANSAÇÃO
campo de controle 20231205132044.0
007 - CAMPO FIXO DE DESCRIÇÃO FÍSICA--INFORMAÇÃO GERAL
campo de controle de tamanho fixo ta
008 - CAMPO DE DADOS FIXOS--INFORMAÇÃO GERAL
campo de controle de tamanho fixo 230509b bl.|||p| |||| 00| 00por d
040 ## - FONTE DA CATALOGAÇÃO
Instituição da catalogação original BR-BrBNA
Idioma da catalogação por
Instituição que transcreveu o registro Biblioteca Nacional de Agricultura
041 ## - CÓDIGO DE IDIOMA
Código do idioma do texto/trilha sonora ou título diferente (Pt)
072 ## - CÓDIGO DE CATEGORIA DE ASSUNTO
Código de Categoria de Assunto L73
100 1# - ENTRADA PRINCIPAL--NOME PESSOAL
Nome pessoal Guberman, U.C.
100 1# - ENTRADA PRINCIPAL--NOME PESSOAL
Nome pessoal Merlini, N.B.
100 1# - ENTRADA PRINCIPAL--NOME PESSOAL
Nome pessoal Perches, C.S.
100 1# - ENTRADA PRINCIPAL--NOME PESSOAL
Nome pessoal Fonzar, J.F.
100 1# - ENTRADA PRINCIPAL--NOME PESSOAL
Nome pessoal Sereno, M.G.
100 1# - ENTRADA PRINCIPAL--NOME PESSOAL
Nome pessoal Mamprim, M.J.
100 1# - ENTRADA PRINCIPAL--NOME PESSOAL
Nome pessoal Ranzani, J.J.T.
100 1# - ENTRADA PRINCIPAL--NOME PESSOAL
Nome pessoal Brandão, C.V.S.
245 1# - TÍTULO
Título Hemangiossarcoma corneal em cão
650 ## - ASSUNTO--TERMO TÓPICO
Cabeçalho tópico ou nome geográfico CÃO
650 ## - ASSUNTO--TERMO TÓPICO
Cabeçalho tópico ou nome geográfico NEOPLASIA
650 ## - ASSUNTO--TERMO TÓPICO
Cabeçalho tópico ou nome geográfico HISTOPATOLOGIA
650 ## - ASSUNTO--TERMO TÓPICO
Cabeçalho tópico ou nome geográfico VETERINÁRIA
773 0# - ENTRADA ANALÍTICA
Título Arquivo Brasileiro de Medicina Veterinária e Zootecnia (Brazil)
ISSN - International Standard Serial Number ISSN 1678-4162
Partes relacionadas (Mar-Apr 2015), v. 67(2) p. 343-346
Número de controle do registro BR2020000268
856 40 - LOCALIZAÇÃO ELETRÔNICA E ACESSO
Uniform Resource Identifier <a href="http://www.scielo.br/pdf/abmvz/v67n2/0102-0935-abmvz-67-02-00343.pdf">http://www.scielo.br/pdf/abmvz/v67n2/0102-0935-abmvz-67-02-00343.pdf</a>
909 ## -
-- 202311
-- Lúcia
-- 55
-- Lúcia Elande
942 ## - ELEMENTOS DE ENTRADA ADICIONADOS (KOHA)
Fonte da classificação ou esquema de arquivamento na estante Classificação AGRIS
Ocultar no OPAC Não
Tipo de material Koha Analítica
Exemplares
Situação do descarte Fonte da classificação ou esquema de arquivamento na estante Situação física Não pode ser emprestado Biblioteca de origem Biblioteca atual Localização na estante Enumeração do periódico / cronologia Total de empréstimos Data de último acesso Número do exemplar Tipo de material Koha Fonte de aquisição
  Classificação AGRIS   Consulta local Biblioteca Nacional de Agricultura - Binagri Biblioteca Nacional de Agricultura - Binagri   (Mar-Apr 2015), v. 67(2) p. 343-346   29/11/2023 01 Periódicos Portaria Interministerial nº 164/94

BINAGRI

Telefone: (61)3218-2567/2388/3357/2097 - binagri@agro.gov.br

Ministério da Agricultura e Pecuária , Esplanada dos Ministérios, Bloco D, Anexo B, Brasília/DF, CEP: 70.043-900